000 00918nam a22002657i 4500
005 20251222094732.0
008 250906s2021 ua ||||gr|||| 00| 1 ara d
020 _a9789777670944
040 _aJO-AmGAM
_erda
041 1 _aara
082 1 4 _a822
_bج و ن
100 1 _aجونسون، بن
_eمؤلف.
245 1 0 _aكل امرئ حسب مزاجه /
_cبن جونسون ؛ تحرير وترجمة وتعقيب أسامة سليمان.
250 _aالطبعة الأولى.
264 3 1 _aالقاهرة :
_bشركة مدبولي،
_c2021.
300 _a237 صفحة.
336 _2rdacontent
_aنص
_btxt
337 _2rdamedia
_aدون وسيط عرض
_bn
338 _2rdacarrier
_aمجلد
_bnc
650 1 7 _aالمسرحيات الإنجليزية.
650 1 7 _aالأدب الإنجليزي.
700 1 _aسليمان، أسامة
_eمترجم.
942 _2ddc
_cBK
999 _c247184
_d247184